000 00245nam a2200109Ia 4500
008 240625s9999 xx 000 0 und d
041 _aeng
082 _a050 MM
100 _aMANORAMA MALAYALA
245 _aMANORAMA YEARBOOK 2016
260 _c2016
999 _c35204
_d35204